00620nam a2200181Ia 4500008004100000020002200041082001400063100001600077245005000093250000800143260003900151300001000190600002100200650002100221942000700242952017200249999001700421250428s9999 xx 000 0 und d a978-1-119-71308-1 a004.6 PIP a Piper, Ben 0aAWS certified solutions architect study guide a3rd aNew York:bJohn Wiley & Sonsc2021 a427p. aComputer Science aComputer Science cBK 001040708CSaUITUbUITUd2025-01-09eProgressive International Agenciesg18401.76l1o004.6 PIPpQ15873q2026-05-08r2025-10-30 10:10:01s2025-10-30w0000-00-00yBK c27271d27271